000
00314nam a2200133Ia 4500
005
20260328104323.0
008
260328s9999||||xx |||||||||||||| ||und||
100
_a
Richards, J.M.
245
0
_a
Hassan Fathy /
_c
J.M. Richards
260
_b
A Mimar Book
300
_a
169 p.
650
_a
ARQUITECTOS
942
_c
BK
999
_c
11413
_d
11413